• 首页
  • 本馆介绍
  • 公告通知
  • 最新文献
  • 馆藏检索
  • 电子资源
  • 读者导购
  • 参考咨询
  • 我的图书馆
  • 登录
  • 详细信息显示
  • 放入我的书架
  • 预约/预借图书
  • 作者相关作品
  • 分类相关作品
  • 丛书相关作品
  • 出版社相关作品

书目信息

  • 表格格式
  • 工作单格式
  • 卡片格式
题名:
民法考试考试参考书
    
 
作者: ;教育部考试中心 组编
分册:  
出版信息: 北京   中央广播电视大学出版社  2000
页数: 238页
开本: 26cm
丛书名: 专升本入学考试参考丛书
单 册:
中图分类: D913.04
科图分类:
主题词: 法学--部门 , 民法--中国--电视大学--入学考试--自学参考资料
电子资源:
ISBN: 7-304-01940-9
000 00814nam0 2200241 45
001 0304090825
005 20031219104109.0
010    @a7-304-01940-9@dCNY19.00
100    @a20030409d2000 km y0chiy0120 ea
101 0  @achi
105    @a z 000yy
200 1  @a民法考试考试参考书@AMin Fa Kao Shi Kao Shi Can Kao Shu@f教育部考试中心组编@FJiao Yu Bu Kao Shi Zhong Xin Zu Bian
210    @a北京@c中央广播电视大学出版社@d2000
215    @a238页@d26cm
225    @a专升本入学考试参考丛书
300    @a根据教育部2000年重新修订并颁布的《复习考试大纲》编写
410    @12001 @a专升本入学考试参考丛书
606 0  @a法学@x部门
606 0  @a民法@y中国@x电视大学@x入学考试@x自学参考资料
690    @aD913.04@v4
711 02 @a教育部考试中心@4组编
801    @aCN@bTSTC@c20030409
905    @b322466-470@dD913.04@e200@f5
    
    民法考试考试参考书/教育部考试中心组编.-北京:中央广播电视大学出版社,2000
    238页;26cm.-(专升本入学考试参考丛书)
    根据教育部2000年重新修订并颁布的《复习考试大纲》编写
    
    ISBN 7-304-01940-9:CNY19.00
    
●
相关链接 在E读中查询图书 在五车中查询图书 在当当中查询图书 在豆瓣中查询图书


正题名:民法考试考试参考书     索取号:D913.04/200         预约/预借

序号 登录号 条形码 馆藏地/架位号 状态 备注
1 0322466   203224661   第一借阅区/ [索取号:D913.04/200] 在馆    
2 0322467   203224670   第一借阅区/ [索取号:D913.04/200] 在馆    
3 0322468   203224689   第一借阅区/ [索取号:D913.04/200] 在馆    
4 0322469   203224698   第一借阅区/ [索取号:D913.04/200] 在馆    
5 0322470   203224705   第一样本阅览室/ [索取号:D913.04/200] 在馆    
唐山师范学院图书馆 欢迎您!
大连网信软件有限公司© 版权所有